| 000 | 00609nam a2200193 a 4500 | ||
|---|---|---|---|
| 005 | 20210223123414.0 | ||
| 008 | 991125s1955 par 000 0 fre u | ||
| 035 | _aUPN01000052870 | ||
| 049 | _aCG | ||
| 050 | 4 |
_aLB1567 F8 _bV4.7 |
|
| 100 | 1 | _aVernay, L. | |
| 245 | 1 | 0 |
_aSciences écoles rurales de garcons et de filles : _bclasse de fin d'études réunis / _cL. Vernay ; colab. R. Guillaume, P. Pierre. |
| 260 |
_aParís : _bBourrelier, _c1955. |
||
| 300 | _a352 p. | ||
| 650 | 4 |
_aESCUELAS RURALES - _zFRANCIA _913571 |
|
| 700 | 1 |
_aGuillaume, R., _ecolab. |
|
| 700 | 1 |
_aPierre, P., _ecolab. |
|
| 905 | _aLibro | ||
| 999 |
_c52870 _d52870 |
||